000 00368cam a2200145ua 4500
041 _aeng
_h
082 _a828.09
_bHIN/RE
100 _aHindus, Milton .
245 _aReader`s Guide to Marcel Proust /
_cMilton Hindus.
_hTextual Documents
260 _aLondon :
_bThames and Hudson ,
_c1962.
300 _a275 ; .
504 _a
942 _cBK
999 _c4974
_d4974